000 00477nmm a2200169Ia 4500
008 251105s9999||||xx |||||||||||||||||und||
020 _a9788418203213
041 _aspa
100 _aForné, C.G.
245 0 _aLa musa olvidada
264 _a[Madrid, España] :
_bLantia,
_c[Fecha de publicación no identificada]
300 _a0 páginas
490 _aTalento
650 _aThriller & Suspense
856 _uhttps://public.digitaliapublishing.com/a/121741
942 _cCF
999 _c79621
_d79621